| 000 | 01044nam a2200277Ia 4500 | ||
|---|---|---|---|
| 005 | 20220317001507.0 | ||
| 008 | 161108s2012 s o g 000 0 s | ||
| 020 | _a9788425349171 | ||
| 082 | 0 | 4 |
_a791.4 _bM34 |
| 245 | 0 | 0 |
_a1001 películas que hay que ver antes de morir _ccoordinación, Steven Jay Schneider ; traducción, Eduardo G. Morillo ... [y otros siete] |
| 250 | _a15.a edición | ||
| 300 |
_a960 páginas _bfotografías en color _c22 cm |
||
| 500 | _aIncluye índice de géneros | ||
| 534 | _t1001 movies you must see before you die | ||
| 650 | 1 | 4 |
_2LEMB _aCine _xHistoria y critica |
| 650 | 1 | 4 |
_2LEMB _aPelículas cinematográficas _xCritica e interpretación |
| 650 | 1 | 4 |
_2LEMB _aPelículas cinematográficas _vReseñas |
| 700 | 1 |
_aSchneider, Steven Jay _974346 |
|
| 700 | 1 |
_aMurillo, Eduardo G. _94036 |
|
| 942 |
_2ddc _cBK |
||
| 264 |
_aBarcelona _bGrijalbo _c2012 |
||
| 336 |
_atexto _btxt _2rdacontent |
||
| 337 |
_asin mediación _bn _2rdamedia |
||
| 338 |
_avolumen _bnc _2rdacarrier |
||
| 040 |
_aCO-BoRNBP _bspa _erda _cCO-BoRNBP |
||
| 999 |
_c7153 _d7153 |
||